000 00753nam a22002177a 4500
999 _c3110
_d3110
003 AR-CdUCM
008 190305b ||||| |||| 00| 0 spa d
040 _aMUNICIPALIDAD PROVINCIAL DEL CUSCO
_cBIBLIOTECA MUNICIPAL DEL CUSCO
082 _a869.566 /
_bG216
100 _aGarcía Calderón, Ventura
_93435
245 _aDolorosa y desnuda realidad /
260 _aParís :
_bCasa Editorial Garnier Hermanos,
_c1914.
300 _a273 Páginas ;
_c17 cm.
505 _aContenido: La esclava -- Una obra de caridad -- Un imbécil -- Fraternidad -- El marido -- Un beso, nada más...
650 _aCuentos peruanos
_97
650 _aSiglo XX
_98
650 _aNovela peruana
_91234
650 _aEsclava
_910510
942 _2ddc
_cLIBROS
945 _adavv